Statistics for Bands by One of Their Songs #4

Click here to take the quiz!

General Stats

  • This quiz has been taken 55 times
    (54 since last reset)
  • The average score is 6 of 15

Answer Stats

HintAnswer% Correct
With or Without YouU2
92%
The Final CountdownEurope
86%
Gimme ShelterThe Rolling Stones
80%
Black Hole SunSoundgarden
60%
My ImmortalEvanescence
42%
Jump AroundHouse of Pain
38%
SurrenderCheap Trick
34%
UprisingMuse
26%
Just Like HeavenThe Cure
24%
Hard to Say I'm SorryChicago
22%
Rock & Roll BandBoston
16%
Only Wanna Be With YouHootie and the Blowfish
10%
AfterlifeAvenged Sevenfold
8%
I'm So GladCream
8%
Die, Die My DarlingMisfits
6%

Score Distribution

Percentile by Number Answered

Percent of People with Each Score

Your Score History

You have not taken this quiz since the last reset